书目信息 |
| 题名: |
辐射防护监测技术汇编
|
|
| 作者: | ;中国科学院原子能研究所 编 | |
| 分册: | ||
| 出版信息: | 北京 原子能出版社 1978 |
|
| 页数: | 301页 | |
| 开本: | 26cm | |
| 丛书名: | ||
| 单 册: | ||
| 中图分类: | TL83 | |
| 科图分类: | ||
| 主题词: | 粒子--探测--核技术 , 辐射探测--核技术 , 粒子探测器 , 辐射探测器 | |
| 电子资源: | ||
| ISBN: | ||
| 000 | 00775nam0 2200277 45 | |
| 001 | 0178002317 | |
| 005 | 20040521090629.5 | |
| 010 | @dCNY1.60 | |
| 091 | @a15175.119 | |
| 100 | @a19950731d1978 emky0chiy0121 ea | |
| 101 | 0 | @achi |
| 102 | @aCN@b110000 | |
| 105 | @ay z 000yy | |
| 106 | @ar | |
| 200 | 10 | @a辐射防护监测技术汇编@Afu she fang hu jian ce ji shu hui bian@f中国科学院原子能研究所编 |
| 210 | @a北京@c原子能出版社@d1978 | |
| 215 | @a301页@d26cm | |
| 300 | @a国内发行 | |
| 606 | 0 | @a粒子@x探测@x核技术 |
| 606 | 0 | @a辐射探测@x核技术 |
| 606 | 0 | @a粒子探测器 |
| 606 | 0 | @a辐射探测器 |
| 690 | @aTL83 | |
| 711 | 02 | @a中国科学院原子能研究所@Azhong guo ke xue yuan yuan zi neng yan jiu suo@4编 |
| 801 | 0 | @aCN@bNLC@c20040521 |
| 905 | @f1@b12393@dTL83@e2 | |
| 辐射防护监测技术汇编/中国科学院原子能研究所编.-北京:原子能出版社,1978 |
| 301页;26cm |
| 国内发行 |
| ISBN :CNY1.60 |
| ● |
| 相关链接 |
|
|
|
|
正题名:辐射防护监测技术汇编
索取号:TL83/2
 
预约/预借
| 序号 | 登录号 | 条形码 | 馆藏地/架位号 | 状态 | 备注 |
| 1 | 0012393 | 001366747 | 第二样本阅览室/ [索取号:TL83/2] | 在馆 |